000 00539nam a22001937a 4500
003 KOHA_MİRAKIL
005 20251125082222.0
008 251125b tu ||||| |||| 00| 0 tur d
020 _a9786057762245
040 _aTR-AnABB
_btur
_cTR-AnABB
041 _atur
082 _a828.3354
_bCAB 2020
100 1 _aCabell, James Branch,
245 1 0 _aJurgen /
_cJames Branch Cabell
260 _aİstanbul :
_bİthaki Yayınları,
_c2020
300 _a336 sayfa ;
_c21 cm
650 0 4 _aAmerikan edebiyatı, roman
942 _2ddc
_cBK
999 _c9598
_d9598
900 _bGizem YORULMAZ